000
00259nam a22001097a 4500
082
_a
512.9 SPI
100
_a
SPIEGEL.MURRAY R
_9
51
245
_a
THEORY AND PROBLEMS OF COLLEGE ALGEBRA
260
_a
NEW YORK
_b
MCGRAW HILL
_c
1956
300
_a
312P
942
_c
BK
999
_c
583616
_d
583616